Al Pacino Movies - Sudden Death - Statistics

General Stats
  • This quiz has been taken 674 times
    430 since last reset
  • The average score is 8 of 19
Answers on the Grid
Answers color-coded by a green-red scale on the quiz's grid according to % correct below.
The Godfather
Raging Bull
Cape Fear
Dog Day Afternoon
Taxi Driver
The Deer Hunter
Serpico
Casino
The Insider
Midnight Run
Heat
Goodfellas
The King of Comedy
Scent of a Woman
Mean Streets
The Irishman
City Hall
After the Hunt
Ronin
Scarface
The Devil's Advocate
Collateral
Glengarry Glen Ross
The Gambler
Any Given Sunday
Pulp Fiction
Reservoir Dogs
...And Justice for All
Donnie Brasco
Sea of Love
Danny Collins
Kramer vs. Kramer
Insomnia
Midnight Cowboy
Heist
Unforgiven
Carlito's Way
Enemy of the State
Scarecrow
 
Answer Stats
Answer % Correct
The Godfather
74%
Scarface
72%
Scent of a Woman
66%
Heat
64%
Serpico
59%
The Irishman
58%
Dog Day Afternoon
57%
The Devil's Advocate
56%
Carlito's Way
53%
Donnie Brasco
51%
Insomnia
42%
Any Given Sunday
39%
...And Justice for All
31%
Glengarry Glen Ross
30%
The Insider
23%
Sea of Love
22%
City Hall
17%
Scarecrow
16%
Danny Collins
7%
No matching quizzes found
Score Distribution
Percent of People with Each Score
Percentile by Number Answered
Your Score History
You have not taken this quiz since the last reset